Centripetal poltics: Government and the new centres of power (Record no. 201313)

MARC details
000 -LEADER
fixed length control field 00416nam a2200157Ia 4500
008 - FIXED-LENGTH DATA ELEMENTS--GENERAL INFORMATION
fixed length control field 230917s9999||||xx |||||||||||||| ||und||
020 ## - ISBN
Price POU8.5
040 ## - CATALOGING SOURCE
-- 3568
Original cataloging agency VIVEKANANDA LIBRARY
041 ## - Language
-- English
082 ## - DDC NUMBER
Classification number 320.942 I6C
100 ## - MAIN ENTRY--PERSONAL NAME
Personal name Ionescu, Guita
245 #0 - TITLE STATEMENT
Title Centripetal poltics: Government and the new centres of power
260 ## - PUBLICATION, DISTRIBUTION, ETC. (IMPRINT)
Place of publication, distribution, etc London
Name of publisher, distributor, etc Hart-Davis MacGibban
Date of publication, distribution, etc 1975
300 ## - PHYSICAL DESCRIPTION
Pages x, 231 p.
942 ## - ADDED ENTRY ELEMENTS (KOHA)
Koha item type Books
Holdings
Withdrawn status Lost status Damaged status Not for loan Location (home branch) Sublocation or collection (holding branch) Date acquired Koha issues (times borrowed) Koha full call number Accession No. Koha date last seen Koha item type
        VIVEKANANDA LIBRARY VIVEKANANDA LIBRARY 08/08/2002   320.942 I6C 60503 17/09/2023 Books
© Designed and Maintained by Vivekananda Library, MDU Rohtak